| 000 | 00746nam a2200241 a 4500 | ||
|---|---|---|---|
| 001 | 62976 | ||
| 003 | BD-RjUL | ||
| 005 | 20211209081140.0 | ||
| 008 | 170126s19521951enk 001 0 eng d | ||
| 035 | _a(BD-RjUL)63104 | ||
| 040 |
_aBD-RjUL _cBD-RjUL _dBD-RjUL _beng |
||
| 041 | _aeng | ||
| 082 |
_223 _a828.8 _bBUS 1952 |
||
| 100 | 1 |
_aButler, Samuel, _d1835-1902. _9187296 |
|
| 245 | 1 | 0 |
_aSamuel Butler's notebooks / _cselections edited by Geoffrey Keynes and Brian Hill |
| 260 |
_aLondon : _bCape, _cc1951 [reprinted 1952] |
||
| 300 |
_a327 p. ; _c21 cm. |
||
| 500 | _a Includes index | ||
| 600 |
_aButler, Samuel, _d1835-1902. _9187299 |
||
| 700 | 1 |
_aKeynes, Geoffrey, _d1887-1982. _9187297 |
|
| 700 | 1 |
_aHill, Brian. _9187298 |
|
| 942 |
_2ddc _cBK |
||
| 999 |
_c62976 _d62976 |
||